Introducing politics for AS level (Record no. 219083)

MARC details
000 -LEADER
fixed length control field 00588nam a2200205Ia 4500
008 - FIXED-LENGTH DATA ELEMENTS--GENERAL INFORMATION
fixed length control field 191130s2008##################000#0#eng##
020 ## - INTERNATIONAL STANDARD BOOK NUMBER
ISBN 9780745622361
082 ## - DEWEY DECIMAL CLASSIFICATION NUMBER
Classification number 320 HOL
100 ## - MAIN ENTRY--AUTHOR NAME
Personal name Holmes, Peter
245 ## - TITLE STATEMENT
Title Introducing politics for AS level
Statement of responsibility, etc by Peter Holmes
260 ## - PUBLICATION, DISTRIBUTION, ETC. (IMPRINT)
Place of publication Cambridge
Name of publisher Polity
Year of publication 2008
300 ## - PHYSICAL DESCRIPTION
Number of Pages xvi, 624 p. ; 23 cm
500 ## - GENERAL NOTE
General note Includes index
650 ## - SUBJECT ADDED ENTRY--TOPICAL TERM
Topical Term Great Britain -- Politics and government -- 1997-
Topical Term Political science
991 ## -
-- 193943
Holdings
Withdrawn status Lost status Damaged status Not for loan Home library Current library Shelving location Date acquired Full call number Accession Number Price effective from Koha item type
        Anna Centenary Library Anna Centenary Library 3RD FLOOR, B WING 13.10.2020 320 HOL 129859 13.10.2020 English Books

Find us on the map